[Event "Oberfranken-ch"]
[Site "Kronach"]
[Date "2025.03.08"]
[Round "6"]
[White "Kern, Daniel"]
[Black "Fischer, Jan1"]
[Result "0-1"]
[WhiteElo "1300"]
[BlackElo "1818"]
[PlyCount "96"]
[EventDate "2025.03.06"]
[EventType "swiss"]
[EventRounds "7"]
[EventCountry "GER"]
[SourceTitle "CB13_2025"]
[SourceDate "2025.03.26"]
[SourceVersion "1"]
[SourceVersionDate "2025.03.26"]
[SourceQuality "1"]

1. e4 e6 2. Nf3 d5 3. e5 c5 4. b4 Bd7 5. bxc5 Bxc5 6. d4 Bb6 7. Bd3 h6 8. 0-0 Nc6 9. c3 Nge7 10. Na3 a6 11. Nc2 Ba5 12. Bd2 Rc8 13. Ne3 Na7 14. Rc1 b5 15. a3 Rc6 16. Nh4 Qc7 17. Qb3 Nac8 18. f4 g5 19. fxg5 hxg5 20. Nf3 Nb6 21. Nxg5 f5 22. g4 Rg8 23. Nh7 Kd8 24. Nf6 Rg7 25. Kh1 Nc4 26. Bxc4 dxc4 27. Qc2 Rb6 28. h3 Bc6+ 29. Kh2 Rg6 30. Rf2 Rxf6 31. g5 Rf8 32. Rg1 Ng6 33. Ng2 Rh8 34. Nf4 Nxf4 35. Bxf4 Qh7 36. Rg3 Qg6 37. Kg1 Be4 38. Qc1 Rb7 39. Bd2 Rbh7 40. Rh2 Rh4 41. Qf1 Rf8 42. Qf2 Qh5 43. Kf1 Qd1+ 44. Qe1 Qxe1+ 45. Kxe1 f4 46. Rg4 Rfh8 47. Rxf4 Rxf4 48. Bxf4 Bxc3+ 0-1

[Event "Oberfranken-ch"]
[Site "Kronach"]
[Date "2025.03.06"]
[Round "2"]
[White "Kern, Daniel"]
[Black "Mueller, Torsten"]
[Result "0-1"]
[WhiteElo "1300"]
[BlackElo "1828"]
[PlyCount "56"]
[EventDate "2025.03.06"]
[EventType "swiss"]
[EventRounds "7"]
[EventCountry "GER"]
[SourceTitle "CB13_2025"]
[SourceDate "2025.03.26"]
[SourceVersion "1"]
[SourceVersionDate "2025.03.26"]
[SourceQuality "1"]

1. e4 d6 2. Nc3 Nf6 3. Bc4 g6 4. Nf3 c6 5. 0-0 Bg7 6. d3 0-0 7. Bg5 h6 8. Be3 Bg4 9. h3 Bxf3 10. Qxf3 Nbd7 11. Bb3 b5 12. d4 a6 13. Qg3 Kh7 14. f4 b4 15. Ne2 Nxe4 16. Qf3 d5 17. c3 bxc3 18. Nxc3 Nxc3 19. bxc3 e6 20. Ba4 Qc7 21. h4 Nf6 22. g4 Ne4 23. Bc2 Nxc3 24. h5 Nb5 25. f5 Nxd4 26. fxg6+ fxg6 27. Bxg6+ Kh8 28. Qg2 Nf3+ 0-1